Ferdinand de Saussure : fuentes manuscritas y estudios críticos /
Saved in:
| Main Author: | |
|---|---|
| Format: | Unknown |
| Language: | Spanish |
| Published: |
Argentina :
Siglo XXI Editores,
1971.
|
| Edition: | 1. edición |
| Subjects: | |
| Tags: |
Add Tag
No Tags, Be the first to tag this record!
|
MARC
| LEADER | 000000000a22000000004500 | ||
|---|---|---|---|
| 001 | 012470 | ||
| 041 | 0 | |a spa | |
| 082 | 0 | 4 | |a 400D |b S259b2 |
| 100 | 1 | |a Benveniste, Emile, |d 1902 | |
| 245 | 1 | 0 | |a Ferdinand de Saussure : |b fuentes manuscritas y estudios críticos / |c Emile Benveniste. |
| 250 | |a 1. edición | ||
| 260 | 1 | |a Argentina : |b Siglo XXI Editores, |c 1971. | |
| 300 | |a 173 páginas | ||
| 500 | |a Material disponible en BCMA | ||
| 650 | 4 | |a LINGUISTICA | |
| 650 | 4 | |a SAUSSURE, FERDINAND DE, 1857-1913 - CRITICAS | |
| 500 | |a Colección George Yúdice | ||
| 999 | |c 18436 |d 18436 | ||
| 942 | |c BK |h 400D S259b2 |2 z | ||
